000 00642nam a22002177a 4500
003 BD-DhJNU
005 20251008112734.0
008 251008b |||||||| |||| 00| 0 eng d
020 _a9780071333450
040 _aBD-DhJNU
_bENG
_cBD-DhJNU
_dBD-DhJNU
082 _223
_a330.0151 GUB
100 _aGujarati, Damodar N.
245 _aBasic econometrics /
_cDamodar N. Gujarati and Dawn C. Porter
250 _a5th ed.
260 _aNew York :
_bMcGraw-Hill,
_c1995.
300 _axix, 922p. :
_bill. ;
_c29 cm.
504 _aIncludes bibliographies index
650 _aBasic Econometrics
700 _aPorter, Dawn C.
942 _2ddc
_cBK
_n0
999 _c2201
_d2201